[Event "SRB-chT3 South"]
[Site "Serbia"]
[Date "2017.10.14"]
[Round "9.2"]
[White "Vucetic, Mirko"]
[Black "Blagojevic, Nebojsa"]
[Result "0-1"]
[WhiteElo "2045"]
[BlackElo "2181"]
[PlyCount "90"]
[EventDate "2017.09.03"]
[EventType "team-tourn"]
[EventRounds "11"]
[EventCountry "SRB"]
[SourceTitle "EXT 2022"]
[Source "ChessBase"]
[SourceDate "2021.10.06"]
[SourceVersion "1"]
[SourceVersionDate "2021.10.06"]
[SourceQuality "1"]

1. d4 c6 2. Nf3 d5 3. Bg5 Qb6 4. b3 Nf6 5. c3 Bf5 6. Nbd2 e6 7. a4 Nbd7 8. e3 Rc8 9. a5 Qc7 10. Bf4 Bd6 11. Bxd6 Qxd6 12. b4 e5 13. Nb3 0-0 14. Nc5 b6 15. Nxd7 Nxd7 16. Nxe5 Nxe5 17. dxe5 Qxe5 18. Qd4 Qe6 19. Ba6 Rb8 20. axb6 axb6 21. Bd3 c5 22. Bxf5 Qxf5 23. Qd2 Rfe8 24. 0-0 Qe4 25. Rfd1 Rbd8 26. bxc5 bxc5 27. Qd3 Qe5 28. Ra5 Qe7 29. Raa1 Rd7 30. Qf5 Red8 31. h3 Qe6 32. Qxe6 fxe6 33. Ra6 Rd6 34. Rda1 Rxa6 35. Rxa6 Kf7 36. Rc6 c4 37. e4 Rb8 38. exd5 Rb1+ 39. Kh2 exd5 40. Rc7+ Kf6 41. Rc6+ Ke5 42. Rc7 Rb3 43. Rxg7 Rxc3 44. Rxh7 Ra3 45. g4 c3 0-1

[Event "SRB Central-chT qual"]
[Site "Nis"]
[Date "2014.10.03"]
[Round "3"]
[White "Vucetic, Mirko"]
[Black "Jovanovic, Dragan"]
[Result "1-0"]
[WhiteElo "2021"]
[BlackElo "2104"]
[PlyCount "89"]
[EventDate "2014.10.02"]
[EventType "team-tourn"]
[EventRounds "7"]
[EventCountry "SRB"]
[SourceTitle "CBM 163 Extra"]
[Source "ChessBase"]
[SourceDate "2014.12.23"]
[SourceVersion "1"]
[SourceVersionDate "2014.12.23"]
[SourceQuality "1"]

1. d4 d5 2. c4 e6 3. Nf3 Nf6 4. Nc3 c6 5. e3 Be7 6. Bd3 0-0 7. 0-0 Nbd7 8. Re1 Re8 9. Qc2 h6 10. a3 Bd6 11. e4 dxe4 12. Nxe4 Nxe4 13. Bxe4 Nf6 14. b3 Qc7 15. Bb2 Bd7 16. Rad1 Rad8 17. Ne5 Bxe5 18. dxe5 Nxe4 19. Rxe4 Bc8 20. Re3 Rxd1+ 21. Qxd1 Rd8 22. Rd3 Rxd3 23. Qxd3 Qd7 24. Qxd7 Bxd7 25. Bd4 b6 26. b4 Kf8 27. a4 Ke8 28. a5 bxa5 29. bxa5 a6 30. f4 Ke7 31. Bc5+ Ke8 32. Kf2 f6 33. Ke3 Kf7 34. Bd6 g5 35. g3 Kg6 36. Kd4 Kf5 37. exf6 Kxf6 38. Kc5 Kf5 39. Kb6 Kg4 40. Kxa6 gxf4 41. Bxf4 h5 42. Kb7 Kf5 43. a6 e5 44. Be3 c5 45. a7 1-0

[Event "Nis op"]
[Site "Nis"]
[Date "2012.03.18"]
[Round "9"]
[White "Vucetic, Mirko"]
[Black "Ilic, Slobodan S"]
[Result "0-1"]
[WhiteElo "2034"]
[BlackElo "2160"]
[PlyCount "93"]
[EventDate "2012.03.11"]
[EventType "swiss"]
[EventRounds "9"]
[EventCountry "SRB"]
[SourceTitle "CBM 147 Extra"]
[Source "ChessBase"]
[SourceDate "2012.04.24"]
[SourceVersion "1"]
[SourceVersionDate "2012.04.24"]
[SourceQuality "1"]

1. d4 Nf6 2. Nf3 e6 3. Bg5 h6 4. Bh4 Be7 5. Nbd2 b6 6. e3 Bb7 7. Bd3 0-0 8. 0-0 d6 9. c3 Nbd7 10. Qe2 a6 11. e4 Re8 12. h3 Nf8 13. e5 Nd5 14. Bxe7 Qxe7 15. g3 Qd7 16. Be4 b5 17. a4 Reb8 18. axb5 axb5 19. Nb3 Ra4 20. Bd3 Rxa1 21. Rxa1 b4 22. c4 Ne7 23. Be4 Qc8 24. Ra4 Bxe4 25. Qxe4 d5 26. Qd3 dxc4 27. Qxc4 Nd5 28. Qa6 Qe8 29. Ne1 Nd7 30. Ra5 N7b6 31. Qb5 Qd8 32. Kh2 Qg5 33. Qe2 Rd8 34. f4 Nxf4 35. gxf4 Qxf4+ 36. Kh1 Qg3 37. Nf3 Qxh3+ 38. Kg1 Nd5 39. Qg2 Qf5 40. Ra1 Nf4 41. Qd2 Qg4+ 42. Kf2 Qg2+ 43. Ke3 Nd5+ 44. Kd3 Qxf3+ 45. Kc4 Rb8 46. Ra5 Ne3+ 47. Kd3 0-1

[Event "Nis op"]
[Site "Nis"]
[Date "2012.03.13"]
[Round "3"]
[White "Vucetic, Mirko"]
[Black "Maksimovic, Branimir"]
[Result "0-1"]
[WhiteElo "2034"]
[BlackElo "2457"]
[PlyCount "52"]
[EventDate "2012.03.11"]
[EventType "swiss"]
[EventRounds "9"]
[EventCountry "SRB"]
[SourceTitle "CBM 147 Extra"]
[Source "ChessBase"]
[SourceDate "2012.04.24"]
[SourceVersion "1"]
[SourceVersionDate "2012.04.24"]
[SourceQuality "1"]

1. d4 e6 2. Nf3 c5 3. c3 b6 4. Bg5 Qc7 5. Nbd2 Bb7 6. e3 Nf6 7. Bd3 Nc6 8. a3 Be7 9. 0-0 d6 10. Qe2 a6 11. Rfd1 h6 12. Bh4 g5 13. Bg3 Nh5 14. Ne1 Nxg3 15. hxg3 h5 16. g4 hxg4 17. Qxg4 0-0-0 18. Qg3 f5 19. Kf1 g4 20. b4 Bh4 21. Qf4 Ne7 22. dxc5 Nd5 23. Qc4 dxc5 24. Ke2 b5 25. Qb3 Bf6 26. Rac1 Qe5 0-1

[Event "SRB-chT3 South"]
[Site "Nis"]
[Date "2008.10.25"]
[Round "9"]
[White "Vucetic, Mirko"]
[Black "Stojanovic, Nenad"]
[Result "1/2-1/2"]
[WhiteElo "2096"]
[BlackElo "2092"]
[PlyCount "50"]
[EventDate "2008.09.14"]
[EventType "team"]
[EventRounds "11"]
[EventCountry "SRB"]
[SourceTitle "EXT 2012"]
[Source "ChessBase"]
[SourceDate "2011.11.24"]
[SourceVersion "1"]
[SourceVersionDate "2011.11.24"]
[SourceQuality "1"]

1. d4 Nf6 2. Nf3 d5 3. Bf4 c6 4. c3 e6 5. Nbd2 Bd6 6. Bxd6 Qxd6 7. Ne5 Nbd7 8. f4 b5 9. e3 a6 10. Bd3 Bb7 11. a4 0-0 12. b4 Nb6 13. a5 Nc4 14. Qe2 Nxd2 15. Qxd2 Ne4 16. Qc2 f6 17. Nf3 Qe7 18. 0-0 f5 19. Ne5 Nd6 20. Rae1 Nf7 21. Nxf7 Rxf7 22. g3 Raf8 23. Rf2 Bc8 24. Rg2 g6 25. h4 h5 1/2-1/2

[Event "SRB-chT3 South"]
[Site "Nis"]
[Date "2008.10.24"]
[Round "10"]
[White "Jonic, Vladimir"]
[Black "Vucetic, Mirko"]
[Result "1-0"]
[WhiteElo "2208"]
[BlackElo "2096"]
[PlyCount "59"]
[EventDate "2008.09.14"]
[EventType "team"]
[EventRounds "11"]
[EventCountry "SRB"]
[SourceTitle "EXT 2012"]
[Source "ChessBase"]
[SourceDate "2011.11.24"]
[SourceVersion "1"]
[SourceVersionDate "2011.11.24"]
[SourceQuality "1"]

1. e4 c6 2. d4 d5 3. Nc3 dxe4 4. Nxe4 Bf5 5. Ng3 Bg6 6. Nf3 Nd7 7. h4 h6 8. h5 Bh7 9. Bd3 Bxd3 10. Qxd3 e6 11. Bd2 Ngf6 12. 0-0-0 Qc7 13. Rh4 0-0-0 14. Ne4 Nxe4 15. Qxe4 Be7 16. Rh3 Nf6 17. Qe2 Nd5 18. Ne5 Bg5 19. Rf3 Bxd2+ 20. Rxd2 f6 21. Nd3 Rhe8 22. c4 Nb6 23. Nc5 Qf7 24. Rg3 Kb8 25. b3 Re7 26. Re3 Rde8 27. f4 f5 28. Rg3 Nd7 29. Rg6 Nf8 30. Rg3 1-0

[Event "SRB-chT3 South"]
[Site "Nis"]
[Date "2008.10.24"]
[Round "8"]
[White "Vucetic, Mirko"]
[Black "Markovic, Mirko"]
[Result "1/2-1/2"]
[WhiteElo "2096"]
[BlackElo "2070"]
[PlyCount "57"]
[EventDate "2008.09.14"]
[EventType "team"]
[EventRounds "11"]
[EventCountry "SRB"]
[SourceTitle "EXT 2012"]
[Source "ChessBase"]
[SourceDate "2011.11.24"]
[SourceVersion "1"]
[SourceVersionDate "2011.11.24"]
[SourceQuality "1"]

1. d4 d5 2. Nf3 Nf6 3. Bf4 e6 4. Nbd2 c5 5. c3 Be7 6. h3 0-0 7. a3 b6 8. e3 Bb7 9. Be2 Nbd7 10. 0-0 Re8 11. Qb1 Nf8 12. b4 c4 13. Re1 Ng6 14. Bd1 b5 15. Bc2 Nd7 16. Bg3 Nf6 17. e4 dxe4 18. Nxe4 Nd5 19. Qb2 a6 20. Nc5 Bc6 21. Bxg6 hxg6 22. Ne5 Qc8 23. Nxc6 Qxc6 24. Ne4 Nf6 25. Qc2 a5 26. f3 axb4 27. Nxf6+ Bxf6 28. axb4 Rxa1 29. Rxa1 1/2-1/2